| 000 | 00000nam 2200000za 4500 |
| 001 | 9.699147 |
| 003 | CaOODSP |
| 005 | 20230215143535 |
| 007 | cr ||||||||||| |
| 008 | 150407|1961||||xxc|||||o f|0| 0 eng d |
| 040 | |aCaOODSP|beng |
| 043 | |an-cn--- |
| 086 | 1 |aA53-900/1961E-PDF |
| 110 | 1 |aCanada.|bAgriculture Canada.|bResearch Branch. |
| 245 | 10|aPoisonous plants of the Canadian Prairies / |h[electronic resource]|c[by] J.B. Campbell, R.W. Lodge and A.C. Budd. |
| 250 | |a[Revision] |
| 260 | |aOttawa - Ontario : |bAgriculture Canada. |cFirst published March 1953, Revised June 1956, Reprinted March 1961. |
| 300 | |a32p.|billus., tables |
| 500 | |aHistorical publication digitized by Agriculture and Agri-Food Canada. |
| 590 | |a14-11-Supp|b2014-05-21 |
| 690 | 07|aFlora|2gcpds |
| 690 | 07|aPlants|2gcpds |
| 690 | 07|aPoisoning|2gcpds |
| 690 | 07|aPrairie ecosystems|2gcpds |
| 690 | 07|aToxicology|2gcpds |
| 795 | |tPoisonous plants of the Canadian Prairies / |w(CaOODSP)9.699146 |
| 856 | 40|ahttp://publications.gc.ca|qPDF|s3 MB|uhttps://publications.gc.ca/collections/collection_2014/aac-aafc/agrhist/A53-900-1961-eng.pdf |
| 986 | |a900 |